000 00920cam a2200217 4500
001 WB3807-32
008 020221n2002 000 0 eng u
035 _a(Sirsi) u116791
245 _aNational waste plan by autumn
260 _c2002
490 _aScottish Executive Press Release
_v(5367) 20 February 2002, (2)
520 _aNational Waste Plan for Scotland will be ready by the autumn. High-level advisory group to be set up to oversee the integration of local area plans into a national strategy which will include mandatory recycling and waste reduction targets for every local authority. For news release http://www.scotland.gov.uk/pages/news/2002/02/SE5367.aspx
590 _aWB
650 _aWASTE PLANNING
650 _aSCOTLAND
650 _aRECYCLING
650 _aWASTE REGULATION
650 _aLOCAL AUTHORITIES
690 _aENVIRONMENTAL AND LAND CONSULTANCY-WASTE MANAGEMENT
942 _n0
999 _c69558
_d69558